| 000 | 00646nam a2200253Ia 4500 | ||
|---|---|---|---|
| 008 | 210210b2008 xxu||||| |||| 00| 0 eng d | ||
| 020 | _a0028048377 | ||
| 041 | _aeng | ||
| 082 | _a621.38 FREC | ||
| 100 | _aFRENZEL ( Louis E) | ||
| 245 |
_aCommunication electronics Ed 3 _bPrinciples and applications |
||
| 250 | _a | ||
| 260 |
_aNew Delhi _bTata McGraw-Hill Publishing Company Ltd. _c2008 |
||
| 300 | _axii--532 | ||
| 650 | _aPrinciples | ||
| 650 | _aelectronics | ||
| 650 | _aEd | ||
| 650 | _aCommunication | ||
| 650 | _aapplications | ||
| 650 | _aand | ||
| 650 | _a3 | ||
| 690 | _aElectronic Communication | ||
| 906 | _a063060 | ||
| 999 |
_c131724 _d131724 |
||